| 000 | 00762nam a22002417a 4500 | ||
|---|---|---|---|
| 999 |
_c33139 _d33139 |
||
| 001 | 2105 | ||
| 003 | CO-MdFUSB | ||
| 005 | 20170815085427.0 | ||
| 008 | 170815t1997 a ||||| |||| 00| 0 s d | ||
| 020 | _a950-724-663-0 | ||
| 040 |
_aCO-MdFUSB _bspa _cCO-MdFUSB _dCO-MdFUSBC _erda |
||
| 041 | 0 | _aspa | |
| 082 | 0 | 4 | _aG 222.1 C937e |
| 100 | 1 |
_aCroatto, José Severino _eautor |
|
| 245 | 1 | 0 |
_aExilio y sobrevivencia _b : Tradiciones contraculturales en el Pentateuco (Comentario de Génisis 4:1-12:9) _c / J. Severino Croatto |
| 264 | 4 |
_aBuenos Aires, Argentina : _bLUMEN, _c©1997 |
|
| 300 | _a463 Pag | ||
| 336 |
_2rdacontent _a1 _ba1 |
||
| 337 |
_2rdamedia _a2 _b5 |
||
| 338 |
_2rdacarrier _a2 _b5 |
||
| 653 | _aBiblia A.T. - Génesis - Comentarios | ||
| 942 | _cBK | ||